[Event "Bad Sooden-Allendorf Seniors op 15th"]
[Site "Bad Sooden-Allendorf"]
[Date "2003.04.29"]
[Round "1"]
[White "Klose, Hans Peter"]
[Black "Janssen, Helmut"]
[Result "0-1"]
[WhiteElo "1536"]
[BlackElo "1931"]
[PlyCount "82"]
[EventDate "2003.05.??"]
[EventType "swiss"]
[EventRounds "9"]
[EventCountry "GER"]
[SourceTitle "EXT 2006"]
[Source "ChessBase"]
[SourceDate "2005.11.24"]
[SourceVersion "1"]
[SourceVersionDate "2005.11.24"]
[SourceQuality "1"]

1. d4 Nf6 2. Nf3 b6 3. c4 e6 4. Nc3 Bb7 5. Bg5 Be7 6. Bxf6 Bxf6 7. e4 d6 8. Be2 Nd7 9. 0-0 0-0 10. Re1 g6 11. Bf1 Bg7 12. Qd2 c5 13. d5 e5 14. Rab1 a5 15. Bd3 Nf6 16. a3 Bc8 17. h3 Nh5 18. b4 axb4 19. axb4 Nf4 20. Ra1 Rxa1 21. Rxa1 f5 22. Ra8 cxb4 23. Ne2 Nxd3 24. Qxd3 Qc7 25. Ng5 fxe4 26. Qxe4 Bf5 27. Rxf8+ Bxf8 28. Qh4 b3 29. Nc3 b2 30. Nge4 Be7 31. Nf6+ Bxf6 32. Qxf6 b1Q+ 33. Nxb1 Bxb1 34. Qe6+ Kg7 35. g4 h6 36. g5 hxg5 37. Qg4 Qd8 38. Qf3 Bf5 39. Kh2 Qh8 40. Qg3 Qh4 41. Kg2 Qxg3+ 0-1